00373nam a2200157Ia 45000010006000000050017000060080041000230410008000640820017000721000026000892450041001152600009001563000034001656500008001996540008002071828120260306171619.0260306s9999||||xx |||||||||||||| ||und|| aESP a658.402bK81 aKreitner, RoberteAUT 0aComportamiento de las organizaciones c1997 axxii, 661 páginas :c23 cm. aGEN aCAN